000 01106nam a22002177a 4500
999 _c59448
_d59448
003 Ge_BSU
005 20230217172534.0
008 230217s2002 ge ||||| |||| 00| 0 geo d
020 _a 9992803002
041 _ageo
080 _a330.111.62 : 338.242.025.88 :347.243 კ-37
100 _aკახნიაშვილი, ავთანდილ
_916965
245 _aნომენკლატურული პრივატიზაცია ანუ "არა გული გითქმიდეს..." /
_cავთანდილ კახნიაშვილი.
264 _aთბილისი :
_b ოაზისი,
_c2002.
300 _a180 გვ. ;
_b20 სმ.
490 _aუფლებათა დამცველის ბიბლიოთეკა ;
_v1
653 _aპრივატიზაცია საქართველოში
653 _aსაქართველოს მიწის სამართალი
653 _aმიწის პრივატიზაცია საქართველოში
942 _2udc
_cBK